000 00180 a2200097 4500
020 _a9781338299328
041 _aspa
100 _akorman gordon
245 _aholgazan
942 _cBK
999 _c31617
_d31615